Multiple Choice City Quiz - Dallas - Statistics

General Stats
  • This quiz has been taken 25 times
  • The average score is 6 of 10
Answer Stats
Question Answer % Correct
Which U.S. president was assassinated in Dallas? John F. Kennedy
95%
What is the name of the national football team there? Cowboys
79%
What is the most populous suburban area of Dallas? (excluding Dallas city) Fort Worth
79%
What is the airport code at the airport in Dallas? DFW
74%
Which one of these rivers flows through Dallas? Trinity
74%
Which region of Texas is Dallas located in? North Central Plains
58%
Who was Dallas named after? George Dallas
42%
Who founded Dallas? John Bryan
42%
What year was Dallas founded? 1841
37%
What is the tallest building in Dallas? Bank of America Plaza
26%
No matching quizzes found
Score Distribution
Percent of People with Each Score
Percentile by Number Answered
Your Score History
You have not taken this quiz